Diseño de un sistema de abastecimiento de agua mini acueducto por bombeo eléctrico MABE, en el casco urbano del municipio de San Lucas, departamento de MadriZ
El presente proyecto se basa en el diseño de un sistema de abastecimiento de agua potable (Mini Acueducto por bombeo eléctrico), en el casco urbano del municipio de San Lucas, departamento de Madriz, bajo las normas y criterios dictadas por INAA para el diseño de sistemas de abastecimiento de agu...
| Main Authors: | , |
|---|---|
| Other Authors: | |
| Format: | Tesis Section = Libro |
| Language: | Undetermined Spanish |
| Published: |
Managua
UNI/RUACS
2021
|
| Subjects: |
| LEADER | 01315nam a2200265Ia 4500 | ||
|---|---|---|---|
| 008 | 240830s9999 xx 000 0 und d | ||
| 040 | |a BIBLIOTECA-RUPAP Mon 628.1 R173 | ||
| 041 | |a spa | ||
| 082 | |a Mon 628.1 R173 | ||
| 100 | 1 | |a Ramírez Moreno, Adner Danilo | |
| 100 | 1 | |b Díaz, Duvier Miguel | |
| 245 | 1 | 0 | |a Diseño de un sistema de abastecimiento de agua mini acueducto por bombeo eléctrico MABE, en el casco urbano del municipio de San Lucas, departamento de MadriZ |
| 260 | |a Managua |b UNI/RUACS |c 2021 | ||
| 300 | |a 107 p. :il. | ||
| 500 | |a Contiene: anexos y CD. | ||
| 502 | |a Tesis (Ingeniero Civil)- UNI, 2021. | ||
| 520 | 3 | |a El presente proyecto se basa en el diseño de un sistema de abastecimiento de agua potable (Mini Acueducto por bombeo eléctrico), en el casco urbano del municipio de San Lucas, departamento de Madriz, bajo las normas y criterios dictadas por INAA para el diseño de sistemas de abastecimiento de agua potable. El diseño eléctrico del proyecto se ajusta a normas nacionales e internacionales. | |
| 650 | 7 | |a AGUA POTABLE | |
| 650 | 7 | |b ACUEDUCTOS-DISEÑO Y CONSTRUCCION | |
| 650 | 7 | |c AGUA-ABASTECIMIENTO | |
| 650 | 7 | |d CARRETERAS – MANTENIMIENTO Y REPARACION | |
| 700 | 1 | |a Tutor: |b Loáisiga, Henry Eduardo | |
| 942 | |c BK |2 ddc | ||
| 991 | |a TESIS | ||
| 999 | |c 18848 | ||